|
|
|
|
| LEADER |
01082cam a2200277 a 4500 |
| 008 |
101228s2010 enk b 001 0 eng d |
| 010 |
|
|
|a 2010284497
|
| 015 |
|
|
|a GBB055258
|2 bnb
|
| 016 |
7 |
|
|a 015540665
|2 Uk
|
| 020 |
|
|
|a 9780199590735 (hbk.)
|
| 020 |
|
|
|a 0199590737 (hbk.)
|
| 035 |
|
|
|a (OCoLC)ocn587229736
|
| 042 |
|
|
|a lccopycat
|
| 082 |
0 |
4 |
|a 153.35
|2 22
|
| 100 |
1 |
|
|a Boden, Margaret A.
|
| 245 |
1 |
0 |
|a Creativity and art :
|b three roads to surprise /
|c Margaret A. Boden.
|
| 260 |
|
|
|a Oxford ;
|a New York :
|b Oxford University Press,
|c 2010.
|
| 300 |
|
|
|a viii, 260 p. ;
|c 23 cm.
|
| 504 |
|
|
|a Includes bibliographical references and index.
|
| 650 |
|
0 |
|a Creation (Literary, artistic, etc.)
|x Psychological aspects.
|
| 650 |
|
0 |
|a Creative ability
|x Psychological aspects.
|
| 942 |
|
|
|c BK
|
| 906 |
|
|
|a 7
|b cbc
|c copycat
|d 2
|e ncip
|f 20
|g y-gencatlg
|
| 955 |
|
|
|b xe08 2010-12-28 z-processor to USGEN
|
| 999 |
|
|
|c 97563
|d 97563
|
| 952 |
|
|
|0 0
|1 0
|4 0
|6 153_350000000000000_BOD_C
|7 0
|9 97203
|a UL
|b UL
|c ST1
|d 2012-02-23
|g 0.00
|l 7
|m 11
|o 153.35 BOD/C
|p 87772
|r 2021-01-16
|s 2020-02-25
|v 3211.60
|x 28
|y BK
|k P. 37.00
|